[Event "AUTO-INT-1595"]
[Site "http://www.queenalice.com/game.php?id=723389"]
[Date "2010.1.31"]
[Round "1"]
[White "newblockader"]
[Black "tenentemurdock"]
[Result "0-1"]
[WhiteElo "1648"]
[BlackElo "1556"]

1. d3 e5 2. e4 Bb4+ 3. Bd2 Bxd2+ 4. Qxd2 Nf6 5. Nf3 Nc6 6. Be2 O-O 7. O-O Nd4 8.
Nxd4 exd4 9. c3 c5 10. e5 Nd5 11. cxd4 cxd4 12. Bf3 Nb6 13. Qf4 f6 14. Qxd4 fxe5
15. Qxe5 d6 16. Qc3 Rxf3 17. gxf3 Bh3 18. Re1 Qg5+ 0-1

[Event "AUTO-INT-1595"]
[Site "http://www.queenalice.com/game.php?id=723390"]
[Date "2010.1.31"]
[Round "1"]
[White "tenentemurdock"]
[Black "newblockader"]
[Result "1-0"]
[WhiteElo "1626"]
[BlackElo "1579"]

1. e4 e5 2. Qh5 d6 3. Bc4 g6 4. Qf3 Qf6 5. Qxf6 Nxf6 6. d3 Bg7 7. Bg5 O-O 8.
Bxf6 Bxf6 9. Nf3 Nc6 10. O-O Bg4 11. Nbd2 Nd4 12. Nxd4 exd4 13. f3 Be6 14. Bxe6
fxe6 15. Nc4 d5 16. Nd2 dxe4 17. fxe4 Bg5 18. Rxf8+ Rxf8 19. Nf3 Be3+ 20. Kf1 h5
21. Ke2 c5 22. Rf1 Bf4 23. g3 Be3 24. a4 a5 25. Ne5 Rxf1 26. Kxf1 g5 27. Nc4 Kf7
28. Nd6+ Kf6 29. Nxb7 Ke5 30. Nxa5 Bd2 31. Nc4+ 1-0

[Event "AUTO-INT-1609"]
[Site "http://www.queenalice.com/game.php?id=730563"]
[Date "2010.2.12"]
[Round "1"]
[White "fferraz"]
[Black "newblockader"]
[Result "1-0"]
[WhiteElo "1620"]
[BlackElo "1606"]

1. Nf3 Nf6 2. Nc3 g6 3. d4 d5 4. Ne5 Bg7 5. Qd3 O-O 6. Bg5 Bf5 7. e4 dxe4 8. Qc4
Be6 9. Qb4 Qd6 10. Qxb7 Nbd7 11. Nb5 Qb6 12. Qxb6 axb6 13. Nxd7 Nxd7 14. Nxc7
Ra5 15. Bxe7 Rc8 16. Nxe6 fxe6 17. Bc4 Rxc4 18. c3 Rc8 19. O-O Kf7 20. Bb4 Rf5
21. g4 Rf3 22. Rae1 Kg8 23. Rxe4 Rcf8 24. Rxe6 b5 25. Bxf8 Rxf8 26. Re7 Nf6 27.
g5 Ng4 28. f3 Rf5 29. fxg4 Rxg5 30. Re8+ 1-0

[Event "AUTO-INT-1609"]
[Site "http://www.queenalice.com/game.php?id=730564"]
[Date "2010.2.12"]
[Round "1"]
[White "newblockader"]
[Black "fferraz"]
[Result "0-1"]
[WhiteElo "1669"]
[BlackElo "1540"]

1. e4 e5 2. Nf3 Bc5 3. Bc4 Qf6 4. O-O h5 5. d3 h4 6. Bg5 Qb6 7. b3 f6 8. Be3
Bxe3 9. fxe3 Qxe3+ 10. Kh1 h3 11. Qe1 Qf4 12. Nfd2 hxg2+ 13. Kxg2 Qxh2+ 14. Kf3
Rh3+ 15. Kg4 Nh6# 0-1

[Event "AUTO-INT-1609"]
[Site "http://www.queenalice.com/game.php?id=730577"]
[Date "2010.2.12"]
[Round "1"]
[White "LeoDZeppelin"]
[Black "newblockader"]
[Result "1-0"]
[WhiteElo "1658"]
[BlackElo "1521"]

1. e4 e5 2. Bc4 Nf6 3. d3 Be7 4. Nf3 d6 5. h3 O-O 6. Nc3 a6 7. Bg5 Be6 8. Bxe6
fxe6 9. Nh2 d5 10. Ng4 Nxg4 11. Bxe7 Qxe7 12. Qxg4 Qf7 13. f3 d4 14. Nd1 Nc6 15.
a3 Ne7 16. Nf2 Qg6 17. O-O-O Qxg4 18. hxg4 Ng6 19. Nh3 Nf4 20. Ng5 Nxg2 21. Rxh7
Rxf3 22. Rdh1 1-0

[Event "AUTO-INT-1609"]
[Site "http://www.queenalice.com/game.php?id=730578"]
[Date "2010.2.12"]
[Round "1"]
[White "newblockader"]
[Black "LeoDZeppelin"]
[Result "0-1"]
[WhiteElo "1571"]
[BlackElo "1646"]

1. e4 e5 2. Nf3 Nf6 3. d3 Nc6 4. Bg5 Be7 5. Nc3 d6 6. Be2 Bg4 7. O-O h6 8. h3
hxg5 9. hxg4 Nxg4 10. Nxg5 Nh2 11. Nxf7 Kxf7 12. Bh5+ g6 13. Kxh2 Rxh5+ 14. Kg1
Qh8 15. f3 Rh1+ 16. Kf2 Qh4+ 17. Ke2 Nd4+ 18. Kd2 Qf4+ 19. Ke1 Bh4+ 0-1

[Event "AUTO-INT-1609"]
[Site "http://www.queenalice.com/game.php?id=730587"]
[Date "2010.2.12"]
[Round "1"]
[White "newblockader"]
[Black "Acuario_72"]
[Result "0-1"]
[WhiteElo "1588"]
[BlackElo "1625"]

1. Nf3 g6 2. e4 Bg7 3. Bc4 Nf6 4. Nc3 O-O 5. O-O b6 6. d3 Bb7 7. Bg5 h6 8. Bxf6
Bxf6 9. d4 e6 10. d5 exd5 11. Bxd5 Bxd5 12. Qxd5 Nc6 13. e5 Bg7 14. Ne4 Nb4 15.
Nf6+ Bxf6 16. exf6 Nxd5 0-1

[Event "AUTO-INT-1609"]
[Site "http://www.queenalice.com/game.php?id=730588"]
[Date "2010.2.12"]
[Round "1"]
[White "Acuario_72"]
[Black "newblockader"]
[Result "1-0"]
[WhiteElo "1640"]
[BlackElo "1573"]

1. g3 e5 2. Bg2 Nf6 3. e3 Nc6 4. Ne2 Bc5 5. c3 O-O 6. b4 Bd6 7. O-O b6 8. a4 Bb7
9. Na3 Qe7 10. Bb2 Ba6 11. b5 Bxa3 12. Bxa3 d6 13. Bxc6 Rad8 14. bxa6 Ng4 15. d4
Qf6 16. h3 1-0

[Event "Challenge"]
[Site "http://www.queenalice.com/game.php?id=737457"]
[Date "2010.2.25"]
[Round "-"]
[White "jadetiger7"]
[Black "newblockader"]
[Result "1-0"]
[WhiteElo "1684"]
[BlackElo "1591"]

1. e4 e5 2. Nf3 Nc6 3. d4 d6 4. d5 Nce7 5. h3 Nf6 6. Nc3 g6 7. Bg5 Bg7 8. Qd3
O-O 9. O-O-O c5 10. dxc6 bxc6 11. g4 Qb6 12. Bxf6 Bxf6 13. Qxd6 Qxf2 14. Qxf6
Nf5 15. Nxe5 Re8 16. Qxf7+ 1-0

[Event "Challenge"]
[Site "http://www.queenalice.com/game.php?id=737458"]
[Date "2010.2.25"]
[Round "-"]
[White "newblockader"]
[Black "jadetiger7"]
[Result "0-1"]
[WhiteElo "1532"]
[BlackElo "1655"]

1. Nf3 Nc6 2. g3 d5 3. Bg2 e5 4. d3 Nf6 5. O-O Bd6 6. Nc3 O-O 7. e4 dxe4 8. Nxe4
h6 9. Nxd6 Qxd6 10. Qd2 Be6 11. b3 e4 12. dxe4 Qxd2 13. Bxd2 Nxe4 14. Bf4 g5 15.
Bxc7 Rac8 16. Rae1 Bf5 17. Ne5 Nd2 18. Bd6 Rfe8 19. Nxc6 bxc6 20. Rxe8+ Rxe8 21.
Rd1 Re2 22. Bf1 Nxf1 23. Kxf1 Rxc2 24. a4 a5 25. Be7 c5 26. Rd5 Rc1+ 27. Ke2 Be6
28. Rd8+ Kg7 29. Ra8 Bxb3 30. Rxa5 c4 31. Kd2 Rc2+ 32. Ke3 c3 33. Ba3 Ra2 34.
Bb4 c2 35. Bd2 Ra1 36. Bc3+ Kh7 37. Bxa1 c1=Q+ 38. Kf3 Qxa1 39. Kg2 Bxa4 40. Rf5
Bc6+ 41. Kh3 Bd7 42. f4 Bxf5+ 0-1

[Event "Let's Play Chess!"]
[Site "http://www.queenalice.com/game.php?id=748358"]
[Date "2010.3.19"]
[Round "-"]
[White "ValerioR"]
[Black "newblockader"]
[Result "0-1"]
[WhiteElo "1212"]
[BlackElo "1485"]

1. d4 e6 2. c4 Nf6 3. b3 d5 4. a3 dxc4 5. Nf3 cxb3 6. Nc3 b2 7. Bxb2 Nc6 8. e3
g6 9. Bb5 Bd7 10. d5 Ne5 11. Nxe5 Bxb5 12. a4 Ba6 13. Qc1 exd5 14. Nb5 Bxb5 15.
axb5 Bb4+ 16. Bc3 Bxc3+ 17. Qxc3 O-O 18. O-O Qe8 19. e4 Nxe4 20. Qd4 Qxb5 21.
Rab1 Qa5 22. Rxb7 Qd2 23. Nd3 c6 24. f3 Nc3 25. Rc7 Ne2+ 26. Kh1 Nxd4 27. Ne5
Qe2 28. Rc1 Rae8 29. f4 Qe3 0-1

[Event "Let's Play Chess!"]
[Site "http://www.queenalice.com/game.php?id=750900"]
[Date "2010.3.24"]
[Round "-"]
[White "newblockader"]
[Black "carito30236"]
[Result "0-1"]
[WhiteElo "1521"]
[BlackElo "1716"]

1. Nf3 d5 2. d4 h6 3. e3 a6 4. Bd3 Nf6 5. O-O Nc6 6. Nc3 Qd6 7. b3 Bg4 8. Be2 e5
9. e4 Nxd4 10. exd5 e4 11. Nxd4 h5 12. f3 c5 13. Nxe4 Nxe4 14. fxe4 cxd4 15.
Bxg4 hxg4 16. Qxg4 f6 17. Bf4 Qb6 0-1

[Event "Let's Play Chess!"]
[Site "http://www.queenalice.com/game.php?id=750901"]
[Date "2010.3.24"]
[Round "-"]
[White "carito30236"]
[Black "newblockader"]
[Result "1-0"]
[WhiteElo "1681"]
[BlackElo "1521"]

1. e4 Nc6 2. d3 e5 3. a3 f6 4. Nf3 Bc5 5. Nc3 Nge7 6. b4 Bxf2+ 7. Kxf2 Ng6 8. h4
Nf4 9. b5 Nd4 10. Nxd4 Ne6 11. Nf5 d6 12. Be3 Nd4 13. g4 Nxf5 14. gxf5 O-O 15.
Nd5 c6 16. bxc6 bxc6 17. Nb4 1-0

[Event "Challenge"]
[Site "http://www.queenalice.com/game.php?id=751505"]
[Date "2010.3.25"]
[Round "-"]
[White "newblockader"]
[Black "Saintsalles"]
[Result "0-1"]
[WhiteElo "1473"]
[BlackElo "1670"]

1. e4 e5 2. Nf3 d6 3. Bc4 h6 4. O-O Bg4 5. h3 Bh5 6. c3 a6 7. g4 Bg6 8. d3 c6 9.
Nh4 Bh7 10. Nf5 Bxf5 11. exf5 Be7 12. d4 d5 13. Bb3 e4 14. Nd2 Bd6 15. f3 e3 16.
Nb1 Bf4 17. Qe2 Qh4 18. Bxe3 Qg3+ 19. Qg2 Bxe3+ 20. Kh1 Qxg2+ 21. Kxg2 Bg5 22.
Re1+ Ne7 23. Kg3 O-O 24. f4 Bf6 25. g5 hxg5 26. fxg5 Bxg5 27. Kg4 Bf6 28. Nd2 g6
29. fxg6 Nxg6 30. Kf5 Nd7 31. Rg1 Kh7 32. Bc2 Kh6 33. Raf1 Ne7+ 34. Kg4 Bg5 35.
Nf3 Nf6+ 36. Kg3 Nh5+ 37. Kg4 Rg8 38. Re1 Be3+ 39. Kh4 Bf2+ 0-1

[Event "Let's Play Chess!"]
[Site "http://www.queenalice.com/game.php?id=755327"]
[Date "2010.4.2"]
[Round "-"]
[White "JacobAmann"]
[Black "newblockader"]
[Result "1-0"]
[WhiteElo "1780"]
[BlackElo "1493"]

1. e4 e5 2. Nf3 Nc6 3. d4 Nxd4 4. Nxd4 exd4 5. Qxd4 d6 6. Nc3 Nf6 7. Bg5 Be7 8.
Bc4 Be6 9. Nd5 Nxd5 10. Bxe7 Qxe7 11. Bxd5 Bxd5 12. Qxd5 O-O-O 13. O-O Rhe8 14.
Rfe1 c6 15. Qd4 c5 16. Qxg7 Qe5 17. Qxf7 Qxb2 18. Reb1 Qxc2 19. Qxb7# 1-0

[Event "Challenge"]
[Site "http://www.queenalice.com/game.php?id=755336"]
[Date "2010.4.2"]
[Round "-"]
[White "newblockader"]
[Black "taty"]
[Result "1-0"]
[WhiteElo "1490"]
[BlackElo "936"]

1. Nf3 d6 2. d4 Bf5 3. e3 e5 4. dxe5 g6 5. exd6 cxd6 6. Bb5+ Nc6 7. Bxc6+ bxc6
8. O-O Be4 9. Nc3 Bxf3 10. Qxf3 d5 11. e4 Qd6 12. exd5 1-0

[Event "Challenge"]
[Site "http://www.queenalice.com/game.php?id=755337"]
[Date "2010.4.2"]
[Round "-"]
[White "newblockader"]
[Black "ciappo"]
[Result "0-1"]
[WhiteElo "1456"]
[BlackElo "1531"]

1. g3 d5 2. d4 c6 3. Nf3 Bf5 4. Bg2 Nd7 5. O-O e6 6. Ne5 Ngf6 7. Nxd7 Qxd7 8.
Bf4 Bd6 9. Bxd6 Qxd6 10. Nc3 O-O 11. Qd2 Rac8 12. Qe3 Bxc2 13. Rac1 Bg6 14. a3
a6 15. b4 Rfe8 16. Na4 e5 17. Nb6 Rc7 18. Rc3 exd4 19. Qxd4 Rxe2 20. Re3 Rxe3
21. Qxe3 Qe6 22. Re1 Qxe3 23. Rxe3 Kf8 24. Bh3 Ne4 25. f3 Nd6 26. Rc3 Nb5 27.
Re3 d4 0-1

[Event "Challenge"]
[Site "http://www.queenalice.com/game.php?id=755338"]
[Date "2010.4.2"]
[Round "-"]
[White "WAGNETTO"]
[Black "newblockader"]
[Result "1-0"]
[WhiteElo "1448"]
[BlackElo "1493"]

1. e4 e5 2. Nf3 Nc6 3. Bc4 Bc5 4. d3 Nf6 5. Ng5 O-O 6. Nc3 Na5 7. O-O Nxc4 8.
dxc4 d6 9. Qe1 c6 10. Na4 h6 11. Nxc5 dxc5 12. Nf3 Nd7 13. b3 Nf6 14. Nxe5 Be6
15. Ba3 Qc7 16. Nd3 Nd7 17. Nxc5 Nxc5 18. Bxc5 Rfd8 19. Bb4 Rd4 20. Ba5 Qd6 21.
Bc3 1-0

[Event "AUTO-INT-1661"]
[Site "http://www.queenalice.com/game.php?id=755585"]
[Date "2010.4.3"]
[Round "1"]
[White "Nias"]
[Black "newblockader"]
[Result "1-0"]
[WhiteElo "1623"]
[BlackElo "1492"]

1. d4 e6 2. e4 d5 3. e5 Bb4+ 4. c3 Be7 5. Nf3 Nc6 6. h4 h5 7. Ng5 Bxg5 8. Bxg5
Nge7 9. Be2 Rf8 10. Bxh5 g6 11. Be2 b6 12. Bxe7 Qxe7 13. f4 f5 14. Bb5 Bd7 15.
Qd3 Rh8 16. Qg3 Qh7 17. Nd2 Nxe5 18. Bxd7+ Qxd7 19. fxe5 Qh7 20. Nf3 O-O-O 21.
Ng5 Qe7 22. O-O-O Rh5 23. Nf3 Rdh8 24. Qxg6 Qh7 25. Qxe6+ Kb7 26. Qxd5+ c6 27.
Qe6 Qh6+ 28. Qxh6 R8xh6 29. d5 cxd5 30. Ng5 1-0

[Event "AUTO-INT-1661"]
[Site "http://www.queenalice.com/game.php?id=755586"]
[Date "2010.4.3"]
[Round "1"]
[White "newblockader"]
[Black "Nias"]
[Result "0-1"]
[WhiteElo "1465"]
[BlackElo "1630"]

1. e4 e5 2. Nf3 Qf6 3. Bc4 Bc5 4. O-O g5 5. Nc3 g4 6. Nd5 Qc6 7. d4 gxf3 8. dxc5
fxg2 9. Kxg2 Qg6+ 10. Kh1 Nf6 11. Nxf6+ Qxf6 12. Rg1 Qxf2 13. Qg4 Qxc5 14. Qg7
Rf8 15. b3 b5 16. Bd3 Qd4 17. Ba3 b4 18. Bxb4 Qxb4 19. Raf1 Qe7 20. Bc4 c6 21.
Rf5 f6 22. Qxe7+ Kxe7 23. Rg7+ Kd6 24. Rxh7 Na6 25. Rh6 Ke7 26. Rh7+ Kd8 27.
Rfh5 Kc7 28. a4 Nb4 29. c3 Nc2 30. b4 Ne3 31. Bb3 Ba6 32. Rg7 Bd3 33. Rhh7 Bxe4+
0-1

[Event "AUTO-INT-1661"]
[Site "http://www.queenalice.com/game.php?id=755601"]
[Date "2010.4.3"]
[Round "1"]
[White "agsantos"]
[Black "newblockader"]
[Result "1-0"]
[WhiteElo "1681"]
[BlackElo "1493"]

1. e4 e5 2. Nf3 Nc6 3. d4 d5 4. dxe5 dxe4 5. Bb5 Bd7 6. Ng5 f6 7. exf6 Nxf6 8.
O-O Be7 9. Ne6 Bxe6 10. Qxd8+ Rxd8 11. Nc3 O-O 12. Re1 Bf5 13. f3 exf3 14. Bxc6
Bc5+ 15. Be3 Bxe3+ 16. Rxe3 Bxc2 17. Bxf3 Rfe8 18. Rxe8+ Rxe8 19. Bxb7 c5 20.
Nd5 Nxd5 21. Bxd5+ Kh8 22. Rc1 Be4 23. Rxc5 Bxd5 24. Rxd5 g6 25. b4 Re2 26. Rd8+
Kg7 27. Rd7+ Kh6 28. Rxa7 Re1+ 29. Kf2 Rh1 30. h3 Kh5 31. Rxh7+ 1-0

[Event "AUTO-INT-1661"]
[Site "http://www.queenalice.com/game.php?id=755602"]
[Date "2010.4.3"]
[Round "1"]
[White "newblockader"]
[Black "agsantos"]
[Result "0-1"]
[WhiteElo "1481"]
[BlackElo "1673"]

1. Nf3 d5 2. d4 Nf6 3. e3 e6 4. Bd3 Bd6 5. O-O O-O 6. Nc3 Bd7 7. Ne5 c5 8. Nxd7
Nbxd7 9. dxc5 Bxc5 10. Qf3 Ne5 11. Qe2 Qc7 12. g3 a6 13. e4 d4 14. f4 Nxd3 15.
Qxd3 dxc3+ 16. Be3 Bxe3+ 17. Qxe3 cxb2 18. Rab1 Qxc2 19. Qf2 Qxf2+ 20. Rxf2 Nxe4
21. Rfxb2 b5 22. a3 Rfd8 23. Rc1 Nd2 24. Rb4 Rab8 25. Rc7 f5 26. a4 Ne4 27. axb5
axb5 28. Re7 Rb6 29. Kg2 h5 30. Kf3 g5 31. h3 Rd3+ 32. Ke2 Rxg3 33. fxg5 Nxg5
34. h4 Ne4 35. Rd4 Rd6 36. Rb4 Rg4 37. Rxb5 Nc3+ 0-1

[Event "AUTO-INT-1661"]
[Site "http://www.queenalice.com/game.php?id=755611"]
[Date "2010.4.3"]
[Round "1"]
[White "rpalmero"]
[Black "newblockader"]
[Result "1-0"]
[WhiteElo "1917"]
[BlackElo "1456"]

1. c4 e5 2. e3 Bc5 3. Nc3 Nf6 4. Qc2 Nc6 5. a3 a6 6. b4 Be7 7. Bb2 O-O 8. Nf3 b5
9. cxb5 axb5 10. Bxb5 Bxb4 11. Bxc6 dxc6 12. axb4 Rxa1+ 13. Bxa1 g6 14. Nxe5 Qd6
15. Nc4 Qxb4 16. Ne2 Ba6 17. Bxf6 Qxc4 18. Qxc4 Bxc4 19. Nf4 Rb8 20. d3 Rb1+ 21.
Kd2 Rxh1 22. dxc4 Rxh2 23. Be5 Rh1 24. Bxc7 h6 25. c5 g5 26. Nd3 h5 27. Ke2 Rg1
28. g3 h4 29. gxh4 gxh4 30. Ne5 h3 31. Nf3 Rc1 32. Bd6 Kg7 33. Nh2 f5 34. Kf3
Rc2 35. Kg3 Kg6 36. Nf3 Kf6 37. Nd4 h2 38. Kxh2 Rxf2+ 39. Kg3 Rd2 40. Nxc6 1-0

[Event "AUTO-INT-1661"]
[Site "http://www.queenalice.com/game.php?id=755612"]
[Date "2010.4.3"]
[Round "1"]
[White "newblockader"]
[Black "rpalmero"]
[Result "0-1"]
[WhiteElo "1454"]
[BlackElo "1919"]

1. Nf3 c5 2. g3 Nc6 3. Bg2 e6 4. e4 Qc7 5. c4 Nf6 6. d3 Bd6 7. O-O h6 8. Nc3 a6
9. Qe2 b6 10. Re1 Nd4 11. Nxd4 cxd4 12. Na4 e5 13. Bd2 Bb7 14. Rac1 Bc5 15. Nxc5
Qxc5 16. b4 Qe7 17. a4 O-O 18. Rb1 d6 19. b5 axb5 20. axb5 Ra2 21. Qd1 Rfa8 22.
Bb4 Nd7 23. Qb3 Nc5 24. Bxc5 dxc5 25. f4 R8a3 26. Qd1 exf4 27. gxf4 Qh4 28. Re2
Qxf4 29. Rxa2 Rxa2 30. Qf3 Qxf3 31. Bxf3 f5 32. Re1 Kf7 33. h4 fxe4 34. Bxe4
Bxe4 35. Rxe4 Rd2 36. Rf4+ Ke6 37. Rf3 g5 38. hxg5 hxg5 39. Rg3 Kf5 40. Rg2 Rxd3
0-1

[Event "Feral Chess "]
[Site "http://www.queenalice.com/game.php?id=772907"]
[Date "2010.5.8"]
[Round "5"]
[White "newblockader"]
[Black "Fauquinelle"]
[Result "0-1"]
[WhiteElo "1452"]
[BlackElo "1633"]

1. Nf3 Nc6 2. e4 e5 3. Bc4 Bc5 4. O-O Nf6 5. Nc3 O-O 6. d3 d6 7. Qe2 Bg4 8. Be3
Bb6 9. Bxb6 axb6 10. Qe3 Ne7 11. Ng5 Bh5 12. Nd5 Nexd5 13. Bxd5 Nxd5 14. exd5 f6
15. Ne6 Qe7 16. Nxf8 Kxf8 17. c4 Bg6 18. Rad1 Qd7 19. Rfe1 Rxa2 20. Re2 Qa4 21.
Red2 Ra1 22. Qe1 Rxd1 23. Qxd1 Qd7 24. b4 c6 25. Qa4 Ke7 26. h3 cxd5 27. Qxd7+
Kxd7 28. g3 dxc4 29. dxc4 Kc6 30. Ra2 Bd3 31. b5+ Kc7 32. Ra4 g5 33. f3 f5 34.
f4 gxf4 35. gxf4 e4 36. Kf2 Kb8 37. Ke3 h5 38. Kd4 h4 39. Kd5 Bf1 40. Ra3 Kc7
41. Ke6 Bxc4+ 42. Kxf5 d5 43. Ke5 Kd7 0-1